Miss You - Louis Tomlinson (All Lyrics) - Statistics

General Stats
  • This quiz has been taken 732 times
  • The average score is 318 of 417
Answer Stats
Lyrics % Correct
I
100%
A
98%
It
97%
My
97%
I’m
96%
I‘m
96%
The
96%
On
94%
All
93%
We
93%
You
91%
Be
90%
And
89%
Miss
89%
Is
88%
Something
88%
Go
87%
Shit
87%
Dancing
86%
Maybe
86%
Of
86%
Say
86%
Table
86%
We’re
85%
Were
85%
That
84%
They
84%
To
84%
In
83%
Out
83%
Time
83%
Every
82%
With
82%
Friends
81%
Fucking
81%
Great
81%
Everything
80%
Even
79%
Imagination
79%
People
79%
Anyway
78%
Does
78%
Get
78%
Matter
78%
Better
77%
Face
76%
Just
76%
Me
74%
When
74%
Couldn’t
73%
Could’nt
73%
Faking
73%
Smiles
73%
Taking
73%
It’s
72%
No
72%
Tables
71%
Asking
69%
There’s
69%
Lights
68%
Off
68%
One
68%
Over
68%
Singing
68%
Weekend
68%
Going
67%
Last
67%
Night
66%
Or
66%
But
65%
Should
65%
Wrong
65%
Five
64%
Hits
64%
More
64%
This
64%
Good
63%
Now
63%
Laughing
62%
Such
62%
‘Til
62%
Tune
62%
Call
61%
Need
61%
At
60%
Believe
60%
Sorry
59%
Tuesday
59%
Phone
58%
Pint
56%
See
56%
Staring
56%
Stars
56%
Worry
56%
How
55%
Them
55%
Ceiling
54%
Feel
53%
Can’t
51%
Hollywood
51%
Lad
50%
Give
49%
Eyes
48%
Was
48%
Love
47%
Myself
47%
Oh
47%
Gotta
46%
Like
46%
Sober
46%
Told
46%
Alone
45%
Lying
44%
Glazed
43%
Strangers
43%
Two
43%
Doesn’t
42%
Changes
41%
Shots
39%
Don’t
37%
Another
36%
‘Cause
36%
Coming
35%
These
34%
Up
34%
Away
33%
Throw
33%
Been
28%
Evening
28%
I’ve
28%
Feelings
26%
Checking
25%
If
25%
Thoughts
23%
(Yeah)
17%
Cheers
13%
Realy
1%
No matching quizzes found
Score Distribution
Percent of People with Each Score
Percentile by Number Answered
Your Score History
You have not taken this quiz